[Event "Gashimov Memorial 5th"]
[Site "Shamkir"]
[Date "2018.04.19"]
[Round "1"]
[White "Ding, Liren"]
[Black "Wojtaszek, Radoslaw"]
[Result "1/2-1/2"]
[WhiteElo "2778"]
[BlackElo "2744"]
[Annotator "Marin,M"]
[PlyCount "133"]
[EventDate "2018.04.19"]
[EventType "tourn"]
[EventRounds "9"]
[EventCountry "AZE"]
[EventCategory "21"]
[SourceTitle "CBM 184"]
[Source "ChessBase"]
[SourceDate "2018.05.16"]
[SourceVersion "1"]
[SourceVersionDate "2018.05.16"]
[SourceQuality "1"]

1. c4 Nf6 2. Nc3 e5 3. Nf3 Nc6 4. g3 Bb4 5. Bg2 d6 $5 ({Stepping out of the
main theoretical stream continuing with} 5... O-O 6. O-O e4) 6. O-O O-O 7. d3 (
7. Nd5 {is likely to transpose to another main line:} Bc5 (7... e4 $6 8. Ne1
Bc5 9. d3 exd3 10. Nxd3 $14) 8. e3 Bg4 (8... a6 9. b3 Ba7 10. d3 h6 {Turov,M 
(2658)-Savchenko,S (2541) Metz 2012 EXT 2013 [Metz (1-0, 41)Alekhine/Primel,D]}
) 9. h3 Bh5 10. d3 Nxd5 11. cxd5 Ne7 12. g4 Bg6 13. d4 exd4 14. Nxd4 $14 {
Izoria,Z (2599)-Akobian,V (2647) Saint Louis 2018 (½-½, 52)}) 7... Re8 {
A neutral move, waiting for White to define his intentions.} (7... h6 {is the
most popular move leading to the usual English struggle.} 8. Na4 (8. Bd2 a5 9.
e3 Bf5 10. Qe2 Re8 11. Rfd1 e4 $132 {1-0 (39) Laznicka,V (2677)-Topalov,V 
(2769) Novy Bor 2013 CBM 157 [CB]}) 8... a5 9. b3 Qe7 (9... Re8 10. Bb2 Bf5 {
Svidler,P (2757)-Nakamura,H (2790) Moscow 2016 CBM 172 [Sagar Shah/CB Website]
(½-½, 30)}) 10. Bb2 Bc5 11. e3 Ba7 12. Nc3 {Aronian,L (2786)-Topalov,V (2780)
Moscow 2016 CBM 172 [Mekhitarian,K] (½-½, 58)}) (7... Bxc3 {is more double
edged strategically.} 8. bxc3 h6 (8... e4 9. Nd4 exd3 10. exd3 Ne5 11. f4 Ng6
12. Rb1 c5 13. Nc2 Rb8 14. f5 Ne5 15. Ne3 $16 {Nepomniachtchi,I (2718)
-Savchenko,B (2580) Sochi 2012 (1-0, 32)}) 9. h3 (9. Rb1 Rb8 10. e4 {1-0 (28)
Mamedyarov,S (2657)-Gagunashvili,M (2562) Dubai 2004 CBM 101 [Ribli,Z]}) 9...
Rb8 10. Ne1 Bd7 11. e4 a6 12. Kh2 b5 $132 {Mamedov,R (2688)-Malakhov,V (2713)
Doha 2016 (½-½, 130)}) 8. Bd2 ({In a recent game} 8. Bg5 Bxc3 9. bxc3 h6 10.
Bh4 {led to interesting play, explaining why Black usually prefers 7...h6.} Rb8
({Things are not entirely clear after} 10... g5 11. Nxg5 hxg5 12. Bxg5 Kg7 13.
f4 e4 $1 {but White's compensation is beyond doubt.}) 11. Rb1 Bd7 12. h3 Qe7
13. g4 Nd8 14. Nd2 {Nepomniachtchi,I (2751)-Palac,M (2525) Tbilisi 2017 (½-½,
35) with an initiative for White but a solid black position.}) 8... Nd4 {
This will soon lead to a minimal white advantage with-one sided play.} (8... a5
$5 9. a3 Bxc3 10. Bxc3 a4 11. Qc2 Nd7 $6 {This wastes too much time.} ({
Black should continue developing with, say,} 11... h6 12. Rad1 Be6 {Preventing
d3-d4 with an entirely viable position.}) 12. Rad1 Nc5 13. d4 $14 {Van Wely,L 
(2676)-Volokitin,A (2652) Germany 2017 (½-½, 36)}) 9. a3 Nxf3+ 10. Bxf3 Bxc3
11. Bxc3 c6 ({If} 11... Bh3 {(Bachmann,K-Lohse,S Bad Pyrmont 1963 (0-1, 42))
Black could carry out the promising exchange sacrifice:} 12. Bxb7 Bxf1 13. Qxf1
Rb8 14. Bc6 Re6 15. b4 d5 16. b5 d4 17. Ba5 $14) 12. e4 {Anticipating Black's
central; expansion. Paradoxically, the white bishops will be very strong with
the blocked centre.} (12. Bg2 Bd7 13. h3 h6 14. Kh2 Nh7 $6 (14... d5 {offers
Black reasonable play.}) 15. f4 exf4 16. gxf4 f5 17. Qe1 Qe7 18. Qg3 Qf7 19.
Bf3 $40 {Benko,P (2480)-Sherwin,J USA 1976 (1-0, 27)}) 12... Bh3 13. Re1 c5 14.
b4 $14 {White's queenside initiative progresses slowly but consistently while
Black does not have concrete ideas on the other wing.} b6 15. a4 Nd7 16. a5 (
16. b5 a6 {would help Black in the fight for the a-file.}) 16... Be6 ({Even
though} 16... cxb4 {looks like a concession Black would avoid being suffocated
as in the game.} 17. Bxb4 Nc5 18. Bc3 Ne6 $14) 17. Ra3 Rb8 18. b5 $16 Qc8 ({
Wojtaszek complained that he refrained from his initial thought:} 18... Ra8 {
but this would have hardly solved his problems.} 19. Qb3 $1 ({During the post
mortem the only analysed lines went} 19. axb6 axb6 {with equal rights on the
a-file and}) (19. Qa1 a6 {This was Black's idea.} 20. axb6 axb5 {with chances
to equalise.}) 19... a6 {This does not work out well but otherwise White would
double rooks on the a-file and then choose the most favourable moment for axb6
followed by the intrusion.} 20. axb6 axb5 21. Rxa8 Qxa8 22. Qxb5 Qb7 23. Ba5
$16 {Keeping the extra pawn.}) 19. axb6 axb6 20. Re2 Ra8 21. Rea2 Rxa3 (21...
Qb7 22. Qa1 $16 {does not change much.}) 22. Rxa3 Qc7 23. Bg2 Nf8 24. f4 {
After having achieved success on the queenside White opens a new front.} f6 {
Of course Black should restrict the dark-squared bishop as much as possible.}
25. f5 Bc8 26. Bd2 Bb7 27. g4 {The start of the typical Mar del Plata KI
attack, with the difference that here White is better on both wings.} ({
DIng suggested} 27. h4 {as an improvement, probably having in mind that the
bishop could go to h5 after, for instance} h6 28. Bf3 $16) 27... h6 28. h4 Nh7
29. Bf3 Qe7 30. Kf2 Rb8 31. Qc1 Ra8 (31... Qd8 {may have required more
precision to achioeve the same kind of ending as in the game.} 32. Ra7 Qc8 33.
g5 hxg5 34. hxg5 Ra8 35. Rxa8 Qxa8 {One important point is that} 36. Bh5 {
allows} Bxe4 $5 37. dxe4 Qxe4 {with good compensation for the piece.}) 32.
Rxa8+ Bxa8 33. Qa1 Bb7 34. Qa7 Qc7 {Black's queenside is completely paralysed
and the time has come for White to continue his kingside plan.} 35. g5 (35. Kg3
$5 {[%cal Gg4g5]}) 35... fxg5 36. hxg5 Nxg5 ({Initially Wojtaszek complained
about not having preferred} 36... hxg5 {but then could see no big improvement
over the game after} 37. Kg3 Kf8 38. Bh5 Nf6 39. Bg6 Ke7 40. Bxg5 Kd8 $16) 37.
Bxg5 hxg5 38. Bh5 {One of those cases when the good bishop is the one acting
on squares of the same colour as those on which the whole own structure is
blocked. The point is that Black has to prevent Bd8 and Bc6, winning the
passive b7-bishop.} Kf8 39. Kg3 Ke7 40. Kg4 Kd8 41. Bg6 Ke7 ({After reaching
the time control Black understood that the king was of no help on the
queenside, for instance:} 41... Kc8 42. Be8 Kd8 43. Bc6 Bxc6 44. Qxc7+ Kxc7 45.
bxc6 Kxc6 46. Kxg5 b5 47. cxb5+ Kxb5 48. Kg6 d5 49. exd5 (49. Kxg7 {also wins
in principle, but one would have to prove it in the queen ending arising after}
dxe4 50. dxe4 c4 51. f6 c3 52. f7 c2 53. f8=Q c1=Q 54. Qb8+ Ka6 55. Qxe5 $18)
49... e4 50. dxe4 c4 51. e5 $18) ({Or if} 41... Bc8 42. Qxc7+ Kxc7 43. Kxg5 Kd8
44. Bf7 Ke7 45. Kg6 Kf8 46. Be6 Bxe6 47. fxe6 Ke8 $5 48. Kxg7 Ke7 49. Kh7 Kxe6
50. Kg8 $18) 42. Kxg5 Kf8 43. Kh5 $1 {Since Black cannot move with his
queenside pieces and his king is dominated by the bishop, White uses his own
king's freedom to put Black in zugzwang.} Ke7 44. Kg4 Kd8 (44... Kf8 {makes
everything perfect for the quick queen swotch to the kingside:} 45. Qa2 $1 Ke7
46. Qh2 Qc8 47. Qh4+ Kd7 48. Bf7 $18) 45. Bh7 (45. Qa1 Qe7 $11 {followed by ...
Kc7 saves the day for Black.}) 45... Ke8 46. Bg8 g6 $1 {Good or bad Black has
to try this, in the hope of exposing the enemy king and reaching a draw by
perpetual.} 47. Bd5 (47. fxg6 $2 Bc8+ {wins the queen.}) 47... gxf5+ 48. Kf3 $1
(48. Kg3 Qd8 $11 {White cannot avoid the perpetual.}) 48... fxe4+ 49. Ke3 $2 ({
After} 49. Ke2 $1 {the king would have soon escaped checks, with a won
position:} Qc8 (49... exd3+ 50. Kd2 $5) 50. Qxb7 Qg4+ 51. Kd2 Qf4+ 52. Kc2
exd3+ 53. Kb3 d2 54. Qc8+ Ke7 55. Qe6+ Kf8 56. Qxd6+ Kg7 57. Be6 $18) 49... Qd8
50. Bxb7 Qg5+ {The rest is easy.} 51. Kxe4 Qf4+ 52. Kd5 Qf3+ 53. Kxd6 Qf6+ 54.
Kd5 Qf3+ 55. Kxe5 Qg3+ 56. Kf5 Qh3+ 57. Kf4 Qh4+ 58. Kf3 Qf6+ 59. Ke2 Qb2+ 60.
Ke1 Qc1+ 61. Ke2 Qb2+ 62. Kf1 Qc1+ 63. Kg2 Qd2+ 64. Kg3 Qg5+ 65. Kf3 Qf6+ 66.
Ke3 Qd4+ 67. Ke2 1/2-1/2

[Event "Tata Steel-A 74th"]
[Site "Wijk aan Zee"]
[Date "2012.01.27"]
[Round "11"]
[White "Van Wely, Loek"]
[Black "Karjakin, Sergey"]
[Result "0-1"]
[WhiteElo "2692"]
[BlackElo "2769"]
[Annotator "Marin,M"]
[PlyCount "110"]
[EventDate "2012.01.14"]
[EventType "tourn"]
[EventRounds "13"]
[EventCountry "NED"]
[EventCategory "21"]
[SourceTitle "CBM 147"]
[Source "ChessBase"]
[SourceDate "2012.03.16"]
[SourceVersion "1"]
[SourceVersionDate "2012.03.16"]
[SourceQuality "1"]

1. c4 Nf6 2. Nc3 e5 3. Nf3 Nc6 4. d3 {A relatively rare move order, aiming to
avoid the reversed Dragon and the main lines with ...Bb4.} d5 (4... Bb4 {
is usually met with} 5. Bd2) 5. cxd5 Nxd5 6. e3 Be7 7. Be2 O-O 8. O-O Be6 9. a3
a5 10. Qc2 f5 {With reversed colours, this position was rehearsed in the
second Karpov-Kasparov match (1985). White needs to find the optimal way of
taking advantage of the fact that, unlike in the Scheveningen, it is his turn
to move.} 11. Na4 {In the Sicilian, this kind of knight moce (...Nc6-a5) is
not recommended at such an early stage, since Black releases the pressure in
the centre at a time when he is not well developed. White hopes that the extra
tempo entitles him to forget about this warning.} (11. Re1 {is more in the
spirit of the Scheveningen (...Re8). In order to avoid confusion, from now on
I will refer to this position strictly, without mentioning the Scheveningen
equivalent, but keeping in mind the general rules from the genuine Sicilian.}
Kh8 (11... Nb6 {is premature. Refer to 11...Kh8.} 12. b3 Bf6 13. Rb1 {[%cal
Gc3a4]} Ne7 (13... Kh8 14. Na4 $36) 14. e4 $1 f4 15. d4 exd4 16. Rd1 Ng6 17.
Nb5 c5 18. Qxc5 Rc8 19. Qh5 Qe7 20. Nfxd4 $6 (20. Bd3 $1 $16 Rc5 $140 $6 21. e5
$36) 20... Rc5 $132 {Olafsson,H (2445)-Kupreichik,V (2535)/Reykjavik 1980/EXT
99 (0-1, 33)}) 12. Bd2 Nb6 {Now is a good moment for this retreat. First of
all, the last move had created the additional threat Nxd5 followed by Bc3.
Secondly, after ...Nb6 followed by ...g5, the bishop will have to retreat in
order to clear the d2-square for the knight.} 13. b3 Bf6 (13... Qe8 14. Nb5 Rc8
{Neverov,V (2537)-Romanishin,O (2541)/Kharkov 2004/CBM 103 (1/2, 27)} 15. d4 e4
16. Ne5 Nxe5 17. dxe5 {This kind of structure is supposed to offer White
pleasant play.}) 14. Rab1 Qe7 15. Bc1 $6 ({The correct move order is} 15. Na4 {
, with a possible transposition. The main thing is that} Qxa3 $2 16. Nc5 {
puts he queen in deadly danger.}) 15... Rad8 ({Missing a good moment for
opening the centre:} 15... e4 $1) 16. Na4 g5 (16... Nxa4 17. bxa4 Bc8 18. Rb5 {
[%cal Gc1b2]}) 17. Nc5 Bc8 18. b4 g4 19. Nd2 axb4 20. axb4 Qf7 21. b5 $36 {
Bosboom,M (2385)-Ermenkov,E (2475)/Amsterdam 1988/CBM 009 (1/2, 75)}) 11... Qd6
$146 {Preventing Nc5. The queen is slightly exposed, but in the game White did
not find the best way to take advantage of this detail.} ({The main move is} 
11... Kh8 12. b3 (12. Nc5 {is premature.} Bxc5 13. Qxc5 a4 14. e4 Nf6 15. exf5
Ra5 16. Qc2 Bxf5 17. Bd2 Rd5 $36 {Kempinski,R (2619)-Gelfand,B (2724)/
Gothenburg 2005/CBM 109 (1/2, 42)}) 12... Bd6 (12... Bf6 {allows White to
occupy the c5-square quite comfortably, justifying his opening play.} 13. Nc5
Bc8 14. Bb2 Qe8 15. Rac1 b6 16. Na4 Bb7 17. Rfd1 Rd8 18. Nc3 Nce7 19. Ne4 $5
fxe4 20. dxe4 Nxe3 21. fxe3 Rxd1+ 22. Rxd1 Nc6 23. Bb5 $14 {[%csl Rc7,Gd5,Re5,
Gf5] Kempinski,R (2596)-Sprenger,J (2536)/Germany 2008/CBM 123 (1/2, 57)}) 13.
Bb2 ({Curiously, after} 13. Nc5 Bxc5 14. Qxc5 e4 {the extra tempo b2-b3 works
to White's disadvantage after} 15. dxe4 fxe4 16. Nd2 $2 Qf6 $19 {[%csl Ra1]})
13... Qe7 {Black has achieved a smart regrouping, covering c5 and putting
pressure on a3.} 14. d4 $6 {This does not look like a solution.} (14. Rfc1 Rad8
15. Nc5 Bc8 {leaves White with problems proving an active continuation.}) (14.
Rfe1 $5 Rad8 15. Bf1 {is a possible continuation, aiming to put some indirect
pressure on the black queen.}) 14... exd4 15. exd4 Nf4 16. Bc4 Qf7 17. Bc1 {
In Ubilava,E (2515)-Razuvaev,Y (2550)/Moscow 1989/TD (1/2, 41) Black missed an
excellent tactical resource:} Bxc4 $1 18. bxc4 Nxg2 $1 19. Kxg2 Qg6+ 20. Ng5 (
20. Kh1 Qh5 21. Qd1 Nxd4 $1 $19) 20... Nxd4 21. Qd3 c5 {[%cal Gh7h6]} 22. Kh1
Be7 $1 $17 {[%csl Ga4,Gg5][%cal Gg6c6]}) (11... Qe8 12. Bd2 {Rules should be
approached with flexibility. In this concrete case, delaying the thematic jump
helps Black!} (12. Nc5 Bxc5 13. Qxc5 Qg6 14. d4 e4 15. Ne5 Nxe5 16. dxe5 {
looks like a better chance for some initiative.}) 12... Qg6 13. Nc5 Bxc5 14.
Qxc5 e4 $1 {This is possible because Black had the time to defend g5.} 15. Ne1
Ne5 16. f4 Nd7 17. Qc2 N7f6 18. dxe4 fxe4 19. Bc4 c6 $15 {[%csl Ge1] Nei,I 
(2200)-Tal,M (2615)/Moscow 1979/MCD (0-1, 37). Black has an active position
and is very stable on the light squares. Despite having the better structure,
White struggles to find a way of activating his knight.}) 12. Rd1 {The most
logical reaction. Black's queen is almost caged in the centre and the
opposition of the rook may become profitable for White.} (12. Bd2 {is strongly
met with} g5 $1) 12... Rad8 13. d4 {The course of the game strongly suggests
that this is not the best way to proceed.} ({The other thematic pawn break
looks more to the point:} 13. e4 Nf4 14. Bxf4 exf4 15. Rac1 g5 {Fighting for
the d4-square.} 16. exf5 Bxf5 17. h3 $5 (17. Nc5 Qxc5 18. Qxc5 Bxc5 19. Rxc5 g4
20. Nh4 Bc8 21. Bxg4 Bxg4 22. Rg5+ Kh8 23. Rxg4 Ne5 $11) (17. Qb3+ Be6 18. Qxb7
Bd5 $44) 17... h5 $6 {This weakens the king too much, but otherwise White's
position may be easier to play anyway.} 18. Nc5 Qxc5 19. Qxc5 Bxc5 20. Rxc5 g4
21. hxg4 hxg4 22. Nh4 $14 {[%csl Gg8] Black's king is more exposed than in the
similar line without h2-h3 and ...h7-h5 above.}) (13. Nc3 $5 {also makes some
sense, creating the threats Nb5 or Ne4. It looks like a loss of time, but
actually Black has committed himself quite strongly with the last two moves.
Once the queen's rook has departed from a8, White does not need to worry about
...a5-a4 anymore.}) 13... e4 14. Nd2 Bf7 {Clearing the queen's path to the
kingside.} (14... Nf4 $5 {leads nowhere after the calm} 15. Bb5) 15. Nc3 {
White starts fighting for the d5-square, but his incomplete development does
not help him much.} (15. Nc4 {just takes the knight away from the kingside
defence and is comfortably met with} Qh6 {. Maybe White had overlooked that}
16. Ne5 {loses a pawn to} Bd6 $1) 15... Qh6 16. Nxd5 Bxd5 17. Bc4 Kh8 18. Bxd5
Rxd5 19. Nf1 {The knight cannot fulfil two tasks at the same time: fight for
the d5-square and defend the threatened kingside.} (19. Nb1 Rd6 20. Nc3 Rg6 $36
) 19... Rd6 20. b4 {White needs to create some threats as soon as possible.} ({
He has no time for preparing the queenside attack for too long, for example} 
20. Bd2 Rg6 $1 21. b4 axb4 22. axb4 Bd6 {Black has managed to defend c7 AND
transfer the rook on the kingside.} 23. Ng3 ({The force of Black's attack is
revealed by the following line:} 23. b5 $2 Bxh2+ 24. Nxh2 Qh3 25. g3 Rh6 $18)
23... Qh4 $40) 20... axb4 21. axb4 Rd7 {[%csl Gc7]} 22. Bd2 {After this move
White's play will soon run into a dead end.} (22. b5 Nb4) ({It might have been
a better idea to try to exchange his bad bishop for Black's bishop, which can
defend c7 very solidly.} 22. Ba3 $5 {[%cal Gb4b5,Ga3e7] Black could try} b5 $5
{[%csl Ga3] but then the weaknesses along the c-file would reduce his
attacking potential.} 23. Ng3 {[%cal Gg3e2]} f4 24. exf4 Nxd4 25. Qxe4 Qxf4 26.
Qxf4 Rxf4 $11) 22... Bd6 (22... Nxb4 $2 23. Bxb4 Bxb4 24. Qa4 $18) (22... Bxb4
23. d5 Rxd5 24. Bxb4 Nxb4 25. Qxc7 $44) 23. b5 Ne7 24. Ra7 b6 25. Rda1 Qe6 $1 {
Black cannot, but also does not need to attack anymore. The control over the
d5-square and the possibility of a slow advance of the h-pawn offer him a
lasting advantage. White's queenside initiative is not threatening at all.} 26.
Ra8 Rdd8 27. Rxd8 Rxd8 28. Ng3 Bxg3 $1 {Clearing the position from strategic
impurities and getting a dream position with a good knight versus a bad bishop.
The similarity with the famous 15...Bxg3 from Ahues,C-Alekhine,A/Bad Nauheim
1936/HCL (0-1, 31) is quite obvious to me.} 29. hxg3 Nd5 30. Ra7 h6 31. Qa2 Qe8
32. Qc4 Qh5 33. Ra1 Kh7 34. Bb4 Qg6 35. Be1 h5 {The signal to an attack
against which White cannot do much.} 36. Rc1 h4 37. gxh4 f4 38. Qe2 (38. Bd2 f3
39. g3 Qf5 $44) 38... f3 39. Qf1 Qg4 40. g3 g5 $40 41. Kh2 gxh4 42. Qh3 Qxh3+
43. Kxh3 hxg3 44. Kxg3 Rg8+ 45. Kh2 Rg2+ 46. Kh1 (46. Kh3 Kg6 $19 {[%cal Gg6g5,
Gd5f6,Gf6g4]}) 46... Rg6 47. Ra1 Rg8 48. Rc1 Kg6 49. Rc6+ Kf7 50. Rh6 Ra8 51.
Rh7+ Kg6 52. Rh4 (52. Rd7 Nf6 53. Rxc7 Ra1 $19) 52... Nf6 (52... Ra1 53. Rg4+
Kf5 54. Rg1 Rb1 $19) 53. Bb4 (53. Kg1 $8) 53... Kg5 54. Rf4 Ra1+ 55. Kh2 Ng4+
0-1